Central Library OPAC University of Rajshahi
Normal view MARC view

Entry Topical Term

Number of records used in: 3

001 - CONTROL NUMBER

  • control field: 2505

003 - CONTROL NUMBER IDENTIFIER

  • control field: BD-RjUL

005 - DATE AND TIME OF LATEST TRANSACTION

  • control field: 20220417151152.0

008 - FIXED-LENGTH DATA ELEMENTS

  • fixed length control field: 220417|| aca||aabn | a|a d

040 ## - CATALOGING SOURCE

  • Original cataloging agency: BD-RjUL
  • Transcribing agency: BD-RjUL

150 ## - HEADING--TOPICAL TERM

  • Topical term or geographic name entry element: Islamic coins -- Catalogs

670 ## - SOURCE DATA FOUND

  • Source citation: Work cat.: (BD-RjUL)79709: الدينار الإسلامي في المتحف العراقي : الدينار الأموي والعباسي /[al-Dīnār al-Islāmī fī al-Matḥaf al-ʻIrāqī : al-dīnār al-Umawī wa-al-ʻAbbāsī] /, 1953